000 00320nam a22001337a 4500
082 _a894.812
_bVIJ/K
100 _aVIJAYAN KOTHAMBATH
245 _aKAZHCHAKAL KAUTHUKANGAL
246 _aKAZHCHAKAL KAUTHUKANGAL
_bKAZHCHAKAL KAUTHUKANGAL
260 _aTHRISSUR
_bKSSP
_c2023
300 _a119
650 _aG K
942 _cBK
999 _c9127
_d9127